000 00631nam a22002057a 4500
003 koha_MIRAKIL
005 20250114143819.0
008 250114b tur||||| |||| 00| 0 tur d
020 _a9786051886176
040 _aTR-IsEVY
_btur
_cTR-IsEVY
082 _a926 GIG/S
100 _aGigliotti, Jim
245 0 _aStephen Hawking /
_cJim Gigliotti ; resimleyen Gregory Copeland.
260 _aİstanbul :
_bBeyaz Balina Yayınları ,
_c2022.
300 _a112 s. :
_bresimli ;
_c19 cm.
600 1 4 _aStephen Hawking
650 _aBiyografi.
_vTeknoloji İnsanları.
700 1 _aCopeland, Gregory.
_cresimleyen.
942 _2ddc
_cBK
999 _c21413
_d21413